| 000 | 00000nam##2200000za#4500 |
| 001 | 9.573806 |
| 003 | CaOODSP |
| 005 | 20210624183858 |
| 007 | cr ||||||||||| |
| 008 | 150406|1991||||xxc|||||o f|0| 0 eng|d |
| 022 | |a1488-5379 |
| 040 | |aCaOODSP|beng |
| 043 | |an-cn--- |
| 086 | 1 |aFs97-6/1804E-PDF |
| 110 | 1 |aCanada. |bDepartment of Fisheries and Oceans. |bGulf Region. |
| 245 | 10|aCatch and effort statistics for the giant scallop (Placopecten magellanicus) fishery in the southern Gulf of St. Lawrence : |h[electronic resource]|bhistorical review from 1923 to 1989 / |cby M. Lanteigne and L.A. Davidson. |
| 260 | |aMoncton - New Brunswick : |bFisheries and Oceans Canada. |cMay 1991. |
| 300 | |a69p.|bgraphs, maps, references, tables |
| 490 | 1 |aCanadian technical report of fisheries and aquatic sciences|x1488-5379|vNo. 1804 |
| 500 | |aThe catalogue number (Fs97-6/1804E) and ISSN (0706-6457) for the print edition have been incorrectly copied in this electronic publication. |
| 546 | |a(Résumé en français) |
| 590 | |a12-22-Supp|b2012-05-24 |
| 720 | 1 |aLanteigne, M. |
| 720 | 1 |aDavidson, L.-A. |
| 776 | 0#|tCatch and effort statistics for the giant scallop (Placopecten magellanicus) fishery in the southern Gulf of St. Lawrence: historical review from 1923 to 1989 / |w(CaOODSP)9.609401 |
| 830 | #0|aCanadian technical report of fisheries and aquatic sciences,|x1488-5379|vNo. 1804|w(CaOODSP)9.504449 |
| 856 | 40|ahttp://publications.gc.ca|qPDF|s1.44 MB|uhttps://publications.gc.ca/collections/collection_2012/mpo-dfo/Fs97-6-1804-eng.pdf|yNo. 1804 |